| 000 | 00494nam a2200169 a 4500 | ||
|---|---|---|---|
| 005 | 20210219151508.0 | ||
| 008 | 991125s1918 new 000 0 spa u | ||
| 035 | _aUPN01000035295 | ||
| 049 | _aLT | ||
| 050 | 4 |
_aLB1573 M6.1 _bL52 1918 |
|
| 245 | 0 | 0 |
_aLibro primario para enseñar a leer / _carreg. bajo la dir. de Juan García Purón |
| 260 |
_aNew York : _bD. Appleton, _c1918 |
||
| 300 |
_a48 p. : _bil. |
||
| 440 | 3 | _aEl Lector Moderno de Appleton | |
| 904 |
_aAC _b035296 |
||
| 905 | _aLibro | ||
| 999 |
_c35295 _d35295 |
||